Pet Shop Boys: Albums by Cover - Statistics

General Stats
  • This quiz has been taken 23 times
  • The average score is 11 of 15
Answer Stats
Picture Hint Answer % Correct
1986 Please
94%
1988 Introspective
88%
1999 Nightlife
88%
1987 Actually
82%
1993 Very
82%
1990 Behaviour
76%
1996 Bilingual
76%
2009 Yes
76%
2012 Elysium
65%
2006 Fundamental
65%
2020 Hotspot
59%
2002 Release
59%
2016 Super
59%
2013 Electric
47%
2024 Nonetheless
41%
No matching quizzes found
Score Distribution
Percent of People with Each Score
Percentile by Number Answered
Your Score History
You have not taken this quiz